Riemannian geometry /
Guardado en:
| Autor Principal: | |
|---|---|
| Otros Autores: | , |
| Formato: | Libro |
| Idioma: | English |
| Publicado: |
Berlin :
Springer-Verlag,
c1990.
|
| Edición: | 2nd ed. |
| Series: | Universitext
|
| Materias: | |
| Etiquetas: |
Agregar Etiqueta
Sin Etiquetas, Sea el primero en etiquetar este registro!
|
| LEADER | 00935pam a2200277 a 4500 | ||
|---|---|---|---|
| 001 | MAT.inmabb003343 | ||
| 008 | 901023s1990####gw#a#####b####001#0#eng## | ||
| 005 | 20130325235504.0 | ||
| 245 | 1 | 0 | |a Riemannian geometry / |c Sylvestre Gallot, Dominique Hulin, Jacques Lafontaine. |
| 250 | |a 2nd ed. | ||
| 260 | |a Berlin : |b Springer-Verlag, |c c1990. | ||
| 300 | |a xiii, 284 p. : |b il. ; |c 24 cm. | ||
| 440 | 0 | |a Universitext | |
| 500 | |a "Corrected 2nd printing, 1993". | ||
| 504 | |a Incluye referencias bibliográficas (p. [272]-278) e índice. | ||
| 510 | 4 | |a MR, |c 91j:53001 | |
| 020 | |a 3540524010 (Berlin) | ||
| 020 | |a 0387524010 (New York) | ||
| 100 | 1 | |a Gallot, S. |q (Sylvestre), |d 1948- | |
| 700 | 1 | |a Hulin, D. |q (Dominique), |d 1959- | |
| 700 | 1 | |a Lafontaine, J. |q (Jacques), |d 1944- | |
| 650 | 0 | |a Geometry, Riemannian. | |
| 084 | |a 53-01 |2 msc2000 | ||
| 010 | |a 90022646 | ||
| 040 | |a DLC |c DLC |d DLC | ||
| 859 | |h 53 |i G173 |p A-7089 |b BIB. MATEMATICA | ||
